| 000 | 00607nam a2200181 i 4500 | ||
|---|---|---|---|
| 001 | 149690 | ||
| 003 | ES-MaACL | ||
| 005 | 20230906203218.0 | ||
| 007 | t| | ||
| 008 | 071024s1988 sp ||||1| spa d | ||
| 020 | _a84-86884-57-8 | ||
| 100 | 1 |
_aVaro, Remedios. _9113239 |
|
| 245 | 1 | 0 |
_aRemedios Varo _b: sala de exposiciones, Banco Exterior de España, noviembre de 1988-enero de 1989 / _cRemedios Varo. |
| 260 |
_aMadrid : _bFundación Banco Exterior de España, _c1988. |
||
| 300 |
_a167 p. : _bil. ; _c32 cm. |
||
| 710 | 2 |
_aFundación Banco Exterior. _94226 |
|
| 852 |
_aES-MaACL _jL-12874 _bR.116036 |
||
| 999 |
_c149690 _d149690 |
||